000 00481nam a22001697a 4500
003 OSt
005 20140311163000.0
008 130305t xxu||||| |||| 00| 0 eng d
020 _a9789715844345
050 _aPL 6063.B13
_b.B328c 2006
100 _aBautista, Lualhati
245 _aBulaklak sa city jail /
_cLualhati Bautista
260 _aQuezon City ;
_bPublished and distributed by C&E Pub.,
_c2006.
300 _a307 p. :
_c19 cm.
942 _2lcc
_cBK
_kFLIR
999 _c39187
_d39187